000
00348nam a22001217a 4500
040
_c
HS
082
_a
658
100
_a
វុន វ៉ារី
245
_a
សៀវភៅមេរៀនការគ្រប់គ្រង និងអភីរក្សធនធាន
260
_a
RUA
_b
វុន វ៉ារី
300
_a
NA
942
_c
KB
999
_c
8703
_d
8703